Fr. Conceicao Rodrigues College of Engineering

Racing Motor Cycles (Record no. 34352)

MARC details
000 -LEADER
fixed length control field 00311nam a2200145Ia 4500
082 ## - DEWEY DECIMAL CLASSIFICATION NUMBER
Classification number 629.2
100 ## - MAIN ENTRY--PERSONAL NAME
Personal name Rivola/Luigi
245 ## - TITLE STATEMENT
Title Racing Motor Cycles
260 ## - PUBLICATION, DISTRIBUTION, ETC.
Name of publisher, distributor, etc. Galley Press
Place of publication, distribution, etc. Italy
Date of publication, distribution, etc. 1977
300 ## - PHYSICAL DESCRIPTION
Extent 320
546 ## - LANGUAGE NOTE
Language note ENGLISH
650 ## - SUBJECT ADDED ENTRY--TOPICAL TERM
Topical term or geographic name entry element Carpentery
654 ## - SUBJECT ADDED ENTRY--FACETED TOPICAL TERMS
Focus term Racing Motor cycles
942 ## - ADDED ENTRY ELEMENTS (KOHA)
Koha item type BOOK
Holdings
Withdrawn status Lost status Damaged status Not for loan Collection Home library Current library Date acquired Source of acquisition Cost, normal purchase price Inventory number Total Checkouts Full call number Barcode Date last seen Cost, replacement price Price effective from Koha item type
        AFT Fr. Agnel's C.Rodrigues College of Engineering Fr. Agnel's C.Rodrigues College of Engineering 17/03/2023 VMV 35.00 660   629.2 AFT4829 17/03/2023 35.00 17/03/2023 BOOK